American thought: Civil War to World War I / (Record no. 77138)
[ view plain ]
| 000 -LEADER | |
|---|---|
| fixed length control field | 00861nam a2200301 a 4500 |
| 001 - CONTROL NUMBER | |
| control field | 77138 |
| 003 - CONTROL NUMBER IDENTIFIER | |
| rucl marc code | BD-RjUL |
| 005 - DATE AND TIME OF LATEST TRANSACTION | |
| control field | 20211209082930.0 |
| 008 - FIXED-LENGTH DATA ELEMENTS--GENERAL INFORMATION | |
| fixed length control field | 200226s1954 nyu 000 0 eng |
| 035 ## - SYSTEM CONTROL NUMBER | |
| System control number | MITb10908232 |
| System control number | (BD-RjUL)77362 |
| 040 ## - CATALOGING SOURCE | |
| Original cataloging agency | DLC |
| Transcribing agency | DLC |
| Modifying agency | GGN |
| -- | MYG |
| -- | BD-RjUL |
| Language of cataloging | eng |
| 041 ## - LANGUAGE CODE | |
| Language code of text/sound track or separate title | eng |
| 043 ## - GEOGRAPHIC AREA CODE | |
| Geographic area code | n-us--- |
| 049 ## - LOCAL HOLDINGS (OCLC) | |
| Holding library | MYGG |
| 082 00 - DEWEY DECIMAL CLASSIFICATION NUMBER | |
| Edition number | 23 |
| Classification number | 814.4082 |
| Author mark and year | MIA 1954 |
| 100 1# - MAIN ENTRY--PERSONAL NAME | |
| Personal name | Miller, Perry. |
| Dates associated with a name | 1905-1963. |
| 9 (RLIN) | 239898 |
| 245 10 - TITLE STATEMENT | |
| Title | American thought: Civil War to World War I / |
| Statement of responsibility, etc. | Perry Miller. |
| 260 ## - PUBLICATION, DISTRIBUTION, ETC. (IMPRINT) | |
| Place of publication, distribution, etc. | New York : |
| Name of publisher, distributor, etc. | Rinehart, |
| Date of publication, distribution, etc. | 1954. |
| 300 ## - PHYSICAL DESCRIPTION | |
| Pagination | 345 p.; |
| Size | 19 cm. |
| 490 1# - SERIES STATEMENT | |
| Series statement | Rinehart editions ; |
| Volume/sequential designation | 70 |
| 650 #0 - SUBJECT ADDED ENTRY--TOPICAL TERM | |
| Topical term or geographic name as entry element | American essays. |
| 9 (RLIN) | 239899 |
| 651 #0 - SUBJECT ADDED ENTRY--GEOGRAPHIC NAME | |
| Geographic name | United States |
| General subdivision | Civilization. |
| 9 (RLIN) | 239900 |
| 830 #0 - SERIES ADDED ENTRY--UNIFORM TITLE | |
| Uniform title | Rinehart editions ; |
| Volume number/sequential designation | 70. |
| 942 ## - ADDED ENTRY ELEMENTS (KOHA) | |
| Source of classification or shelving scheme | Dewey Decimal Classification |
| Koha item type | Books |
| Lost status | Source of classification or shelving scheme | Damaged status | Not for loan | Collection code | Permanent Location | Current Location | Shelving location | Date acquired | Total Checkouts | Full call number | Date last seen | Copy number | Koha item type | Source of acquisition |
|---|---|---|---|---|---|---|---|---|---|---|---|---|---|---|
| Dewey Decimal Classification | Not For Loan | Non-fiction | Central Library, University of Rajshahi | Central Library, University of Rajshahi | Reading Room | 26/02/2020 | 814.4082 MIA 1954 | 26/02/2020 | C-1 | Books | ||||
| Dewey Decimal Classification | Non-fiction | Central Library, University of Rajshahi | Central Library, University of Rajshahi | 20/06/1957 | 814.4082 MIA 1954 | 26/02/2020 | C-2 | Books | Asia Foundation |